| 000 | 00670nam a22001337a 4500 | ||
|---|---|---|---|
| 040 | _cRUA | ||
| 082 | _aLMA MEA 2015 B529 Or.1 | ||
| 100 | _aMEAS REAKSA; មាស រក្សា | ||
| 245 | _aThe study on the benefits of land title certificate in mak prank commune, teok chhou district, kampot province; សិក្សាពិផលប្រយោជន៏នៃការប្រើប្រាស់ប័ណ្ណកម្មសិទ្ធិនៅឃុំម៉ាក់ប្រាង ស្រុកទឹកឈូ ខេត្តកំពត | ||
| 260 |
_aPHNOM PENH _bMEA _c2015 |
||
| 300 |
_ax;40p. _bill. _c29cm. |
||
| 856 | _u MEAS REAKSA | ||
| 942 | _cLMA | ||
| 999 |
_c10817 _d10817 |
||